[Event "AUT-ch U12"]
[Site "Linz"]
[Date "2013.05.20"]
[Round "6"]
[White "Pawlik, Noel"]
[Black "Schneeweis, Elias"]
[Result "1-0"]
[WhiteElo "1378"]
[BlackElo "1165"]
[PlyCount "47"]
[EventDate "2013.05.18"]
[EventType "swiss"]
[EventRounds "7"]
[EventCountry "AUT"]
[SourceTitle "EXT 2015"]
[Source "ChessBase"]
[SourceDate "2014.11.20"]
[SourceVersion "1"]
[SourceVersionDate "2014.11.20"]
[SourceQuality "1"]

1. e4 e5 2. Nf3 Nc6 3. Nc3 Bc5 4. Nxe5 Nxe5 5. d4 Bb6 6. dxe5 Qh4 7. g3 Qe7 8. f4 Qc5 9. Qf3 Ne7 10. Bd3 d6 11. exd6 cxd6 12. Na4 Qb4+ 13. Nc3 Be6 14. a3 Qc5 15. Na4 Qa5+ 16. Nc3 Bd4 17. Bd2 d5 18. Nxd5 Qc5 19. Bb4 Qc8 20. Nxe7 Qd7 21. a4 Bxb2 22. Bb5 Qxb5 23. axb5 Bxa1 24. c3 1-0

[Event "AUT-ch U12"]
[Site "Linz"]
[Date "2013.05.19"]
[Round "4"]
[White "Schneeweis, Elias"]
[Black "Hoegl, Raphael"]
[Result "0-1"]
[WhiteElo "1165"]
[BlackElo "1175"]
[PlyCount "44"]
[EventDate "2013.05.18"]
[EventType "swiss"]
[EventRounds "7"]
[EventCountry "AUT"]
[SourceTitle "EXT 2015"]
[Source "ChessBase"]
[SourceDate "2014.11.20"]
[SourceVersion "1"]
[SourceVersionDate "2014.11.20"]
[SourceQuality "1"]

1. d4 d5 2. Nc3 e6 3. e4 c6 4. exd5 cxd5 5. Bd3 Nf6 6. Nf3 Nc6 7. Bb5 Bd6 8. Ne5 Bd7 9. Qe2 Nxd4 10. Bxd7+ Nxd7 11. Qd3 Bxe5 12. f4 Bf6 13. Be3 Nc6 14. 0-0 0-0 15. f5 d4 16. fxe6 fxe6 17. Bxd4 Bxd4+ 18. Qxd4 Nxd4 19. Rxf8+ Nxf8 20. Rd1 Qb6 21. Na4 Qb4 22. c3 Qxa4 0-1